| 000 | 00625nam a22001937a 4500 | ||
|---|---|---|---|
| 003 | OSt | ||
| 005 | 20240530110423.0 | ||
| 008 | 150314s2009 ua ao f 000 0 ara d | ||
| 020 | _a9774162459 | ||
| 040 |
_aEG-CaGPL _cEG-CaGPL |
||
| 082 | 0 | 4 |
_221 _a723.3 _bCC/A L |
| 100 | 0 | _aAhmed sedky | |
| 245 | 1 | 0 |
_aliving with heritage in cairo : _bArea Conservation in the Arab-Islamic City / _cAhmed sedky |
| 260 |
_acairo ; _bnew york : _cThe American University in Cairo Press, _e2009 |
||
| 300 |
_a305 p. : _bill. ; _c24 cm. |
||
| 504 | _aIncludes bibliographical references | ||
| 650 | 0 |
_aarchitecture _xislamic |
|
| 942 |
_2ddc _cBK |
||
| 999 |
_c60689 _d60689 |
||